1913 1588 1392 1880 1340 1752 1059 1191 1029 1041 1548 1815 1790 1686 1361 1355 1200 1934 1247 1908 1813 1958 1134 1239 1686 1268 1006 1321 1487 1693 1467 1121 1991 1259 1869 1826 1826 1553 1932 1125 1073 1851 1476 1876 1178 1812 1617 1312 1990 1846 1739 1539 1454 1525 1885 1001 1043 1038 1023 1483 1484 1847 1229 1709 1730 1076 1226 1032 1708 1065 1208 1552 1920 1772 1505 1144 1550 1090 1149 1999 1354 1347 1690 1260 1938 1992 1392 1397 1133 1254 1423 1628 1389 1753 1517 1416 1826 1451 1143 BCNSPRNW ULIB Ver.6.0+V

เปลี่ยนเป็นภาษาไทย

Change to English
 แสดงรายละเอียดบรรณานุกรม
  กลับหน้าหลัก

Brief Record : Get Marc (ISO 2709) : E-mail record : QR code < ปิดหน้าต่าง
LEADER : 00000nam 2200000uu 4500
001    13399108742
003     ULIB
008    110314s2544||||th 000 0 tha d
020    9746442236
060 04 WY154^bต367 2544
245 00 ตำราการพยาบาลผู้ป่วยภาวะวิกฤต (อายุรศาสตร์) /^cอุไรศรีแก้ว, ทิพมาส ชิณวงศ์, เพลินพิศ ฐานิวัฒนานนท์, บรรณาธิการ
250    พิมพ์ครั้งที่ 1
260    สงขลา :^bภาควิชาการพยาบาลอายุรศาสตร์ คณะพยาบาลศาสตร์มหาวิทยาลัยสงขลานครินทร์,^c2544
300    241 หน้า :^bภาพประกอบ ;^c30 ซม.
650  7 ผู้ป่วยหนัก, การดูแล
650  7 อายุรศาสตร์
700 0  อุไร ศรีแก้ว,^eบรรณาธิการ
700 0  ทิพมาส ชิณวงศ์,^eบรรณาธิการ
700 0  เพลินพิศ ชิณวงศ์,^eบรรณาธิการ
710 2  มหาวิทยาลัยสงขลานครินทร์. ^bคณะพยาบาลศาสตร์.^bภาควิชาการพยาบาลอายุรศาสตร์
945    ^p160^l0^i016347
945    ^p160^l0^i016346
945    ^p160^l0^i016344
945    ^p160^l0^i016342
945    ^p160^l0^i016345
945    ^p160^l0^i016343
995    เกษร
999 ^a ใช้งานได้ทุกระบบ
รายการนี้ยังไม่มีแท็ก
คุณยังไม่ได้ล็อกอิน คุณสามารถมีกิจกรรมร่วมกับเว็บไซต์ได้ แต่ต้องล็อกอินก่อน ::
  ล็อกอิน

รายการสื่อสารสนเทศ

ลำดับที่ ประเภท เลขเรียก/บาร์โค้ด สถานที่ สถานะ
- ไม่พบข้อมูล -

รายการใกล้เคียง
    หัวเรื่อง [ผู้ป่วยหนัก, การดูแล]
    หัวเรื่อง [อายุรศาสตร์]

BibComment


ยังไม่เคยถูกคอมเมนท์

คอมเมนท์ทรัพยากรรายการนี้
  คอมเมนท์: ตำราการพยาบาลผู้ป..


 Copyright 2026. Bcnsprnw @Library